00398nam a2200145 a 4500008004100000020001500041050001500056100001800071245007100089246002800160260002800188300001200216350000900228700001500237120416s0000 ||||||||||||||||| || u a0435715348 aTA 152 Exp aProbert, S. D10aExperimentation for students of engineeringcedited by L. Maunders aS. M. Fraser and others aLondonbHeinemannc1972 av. ill. a0.00 aMaunder, L